=LDR 00000nam 2200000 4500 =001 INLIS000000000029661 =005 20130612131857 =008 ***********************************Ind** =035 ##$$0010-061300000029661 =041 ##$$a Ind =082 ##$$a 370.72 =090 ##$$a 370.72, Emz m =100 ##$$a Emzir =245 ##$$a Metodologi penelitin pendidikan, kuantitatif dan kualitatif, Emizir =260 ##$$a 2008 $b Jakarta =300 ##$$a xv, 261 hlm, ilus6c20 cm =650 ##$$a Pendidikan Penelitian =850 ##$$a NBPNMAT